[Event "2. Bundesliga West 2010/11"]
[Site "Hohenems"]
[Date "2011.01.30"]
[Round "8"]
[Board "1"]
[White "Dovzik, Juri"]
[Black "Bayer, Bernhard"]
[Result "0-1"]
[WhiteElo "2381"]
[BlackElo "2393"]
[PlyCount "86"]
[EventDate "2010.10.15"]
[EventType "team"]
[EventRounds "11"]
[EventCountry "AUT"]
[WhiteTeam "ATSV Ranshofen"]
[BlackTeam "Schwaz"]

1.d4 Nf6 2.c4 e6 3.Nf3 b6 4.g3 Ba6 5.Nbd2 d5 6.Bg2 Be7 7.O-O O-O 8.b3 c6 9.Qc2
Nbd7 10.e4 Rc8 11.Bb2 c5 12.e5 Ne8 13.dxc5 Bxc5 14.a4 Qe7 15.Rfe1 Nc7 16.Re2
dxc4 17.bxc4 Nd5 18.Qb3 Nb4 19.Rc1 Nc6 20.Qa2 Na5 21.Re4 Rfd8 22.Bc3 Bb7 23.Re2
Bb4 24.h4 Bxc3 25.Rxc3 Qb4 26.Qc2 h6 27.Ne1 Nc5 28.Bxb7 Naxb7 29.Ne4 Nxe4
30.Rxe4 Nc5 31.Rf4 Nxa4 32.Re3 Rd2 33.c5 Rxc2 34.Rxb4 Ra2 35.cxb6 Nxb6 36.Rb1
Nd5 37.Reb3 a5 38.Rb8 Rxb8 39.Rxb8+ Kh7 40.Rb7 a4 41.Nd3 a3 42.Ra7 Ra1+ 43.Kg2
a2 0-1

[Event "2. Bundesliga West 2010/11"]
[Site "Hohenems"]
[Date "2011.01.30"]
[Round "8"]
[Board "2"]
[White "Fuchs, Georg"]
[Black "Ager, Josef"]
[Result "1-0"]
[WhiteElo "2292"]
[BlackElo "2213"]
[PlyCount "45"]
[EventDate "2010.10.15"]
[EventType "team"]
[EventRounds "11"]
[EventCountry "AUT"]
[WhiteTeam "Schwaz"]
[BlackTeam "ATSV Ranshofen"]

1.e4 e5 2.Nf3 Nc6 3.d4 exd4 4.Bc4 Nf6 5.O-O Nxe4 6.Re1 d5 7.Bxd5 Qxd5 8.Nc3 Qh5
9.Nxe4 Be6 10.Bg5 Bd6 11.c3 O-O 12.cxd4 Bd5 13.Nxd6 cxd6 14.Be7 Nxe7 15.Rxe7
Rfe8 16.Re3 Re6 17.Qd3 Rae8 18.Qb5 Rxe3 19.fxe3 Kf8 20.e4 Rxe4 21.Ne5 Rxd4
22.Re1 dxe5 23.Qc5+ 1-0

[Event "2. Bundesliga West 2010/11"]
[Site "Hohenems"]
[Date "2011.01.30"]
[Round "8"]
[Board "3"]
[White "Scharrer, Patrick"]
[Black "Blaas, Hansjoerg"]
[Result "0-1"]
[WhiteElo "2253"]
[BlackElo "2240"]
[PlyCount "46"]
[EventDate "2010.10.15"]
[EventType "team"]
[EventRounds "11"]
[EventCountry "AUT"]
[WhiteTeam "ATSV Ranshofen"]
[BlackTeam "Schwaz"]

1.e4 c5 2.Nf3 Nc6 3.Bb5 g6 4.O-O Bg7 5.c3 e5 6.Na3 Nge7 7.d4 cxd4 8.cxd4 exd4
9.Bf4 O-O 10.Bd6 a6 11.Bc4 b5 12.Bd5 Bb7 13.Rc1 h6 14.Qb3 Rc8 15.Nc4 Ba8 16.Nce5
Nxe5 17.Nxe5 Nxd5 18.exd5 Rxc1 19.Rxc1 Re8 20.f4 Qf6 21.Bc7 Qxf4 22.Nd3 Qe3+
23.Kh1 Qxc1+ 0-1

[Event "2. Bundesliga West 2010/11"]
[Site "Hohenems"]
[Date "2011.01.30"]
[Round "8"]
[Board "4"]
[White "Gruber, Michael"]
[Black "Zoister, Stefan"]
[Result "0-1"]
[WhiteElo "2133"]
[BlackElo "2221"]
[PlyCount "106"]
[EventDate "2010.10.15"]
[EventType "team"]
[EventRounds "11"]
[EventCountry "AUT"]
[WhiteTeam "Schwaz"]
[BlackTeam "ATSV Ranshofen"]

1.e4 c6 2.d4 d5 3.exd5 cxd5 4.Bd3 Nc6 5.c3 g6 6.Bf4 Nf6 7.Nf3 Bg7 8.Nbd2 O-O
9.O-O Nh5 10.Bg5 f6 11.Bh4 Be6 12.Re1 Qd7 13.c4 dxc4 14.Bxc4 Bxc4 15.Nxc4 e6
16.Qa4 Rab8 17.Qb5 Rbd8 18.Rad1 Qf7 19.Ne3 Nf4 20.Bg3 Nd5 21.Nc4 Qe7 22.Qc5 Rf7
23.Nd6 Rff8 24.Nc4 Qd7 25.Qd6 Rfe8 26.Qxd7 Rxd7 27.Nd6 Red8 28.Ne4 b6 29.a3 Nde7
30.Nc3 Kf7 31.Kf1 Nxd4 32.Nxd4 Rxd4 33.Rxd4 Rxd4 34.Nb5 Rd2 35.Nd6+ Kf8 36.Nc4
Rc2 37.Rxe6 Kf7 38.Re4 f5 39.Nd6+ Kf8 40.Ra4 Nc6 41.Rc4 Rxc4 42.Nxc4 b5 43.Nd6
a6 44.b3 Nd4 45.a4 Ke7 46.axb5 axb5 47.Nc8+ Ke6 48.Na7 Kd5 49.f3 b4 50.Be1 Bf8
51.Nc8 Kc6 52.Na7+ Kd5 53.Nc8 Bc5 0-1

[Event "2. Bundesliga West 2010/11"]
[Site "Hohenems"]
[Date "2011.01.30"]
[Round "8"]
[Board "5"]
[White "Riediger, Martin"]
[Black "Kondrak, Christof"]
[Result "1/2-1/2"]
[WhiteElo "2252"]
[BlackElo "2147"]
[PlyCount "57"]
[EventDate "2010.10.15"]
[EventType "team"]
[EventRounds "11"]
[EventCountry "AUT"]
[WhiteTeam "ATSV Ranshofen"]
[BlackTeam "Schwaz"]

1.c4 e6 2.Nf3 d5 3.d4 c6 4.e3 Nf6 5.Bd3 Be7 6.Nbd2 b6 7.e4 dxc4 8.Nxc4 Bb7 9.Qc2
h6 10.Qe2 c5 11.dxc5 Bxc5 12.O-O Qc7 13.a3 Nc6 14.b4 Nd4 15.Nxd4 Bxd4 16.Bb2
Bxb2 17.Nxb2 O-O 18.f3 Rfd8 19.Nd1 a5 20.Nf2 Nd7 21.Qb2 Qe5 22.Rfb1 Qxb2 23.Rxb2
axb4 24.Rxb4 Kf8 25.Bb5 Nc5 26.Bf1 Nd7 27.Bb5 Nc5 28.Bf1 Nd7 29.Bb5 1/2-1/2

[Event "2. Bundesliga West 2010/11"]
[Site "Hohenems"]
[Date "2011.01.30"]
[Round "8"]
[Board "6"]
[White "Streiter, Gerhard"]
[Black "Hackbarth, Wolfgang"]
[Result "1/2-1/2"]
[WhiteElo "2004"]
[BlackElo "2081"]
[PlyCount "61"]
[EventDate "2010.10.15"]
[EventType "team"]
[EventRounds "11"]
[EventCountry "AUT"]
[WhiteTeam "Schwaz"]
[BlackTeam "ATSV Ranshofen"]

1.e4 Nf6 2.e5 Nd5 3.d4 d6 4.Nf3 g6 5.Bc4 Nb6 6.Bb3 Bg7 7.Ng5 e6 8.f4 Nc6 9.c3
Qe7 10.O-O Bd7 11.a4 a5 12.Ne4 O-O-O 13.Qe2 f5 14.exf6 Bxf6 15.Be3 Nd5 16.Nxf6
Qxf6 17.Nd2 Nxe3 18.Qxe3 d5 19.Nf3 Rhf8 20.Ne5 Nxe5 21.Qxe5 Bc6 22.Rae1 Kd7
23.Qxf6 Rxf6 24.Re5 Rf5 25.g4 Rxe5 26.fxe5 Ke7 27.g5 Rb8 28.Ra1 Rf8 29.Rf1 Rb8
30.Ra1 Rf8 31.Rf1 1/2-1/2

[Event "2. Bundesliga West 2010/11"]
[Site "Hohenems"]
[Date "2011.01.30"]
[Round "8"]
[Board "1"]
[White "Brumen, Dinko"]
[Black "Deglmann, Ludwig"]
[Result "1/2-1/2"]
[WhiteElo "2359"]
[BlackElo "2402"]
[PlyCount "84"]
[EventDate "2010.10.15"]
[EventType "team"]
[EventRounds "11"]
[EventCountry "AUT"]
[WhiteTeam "Schwarzach"]
[BlackTeam "Sparkasse Jenbach 2"]

1.d4 f5 2.Nc3 Nf6 3.Bg5 d5 4.f3 Nc6 5.Qd2 e6 6.Nh3 Bb4 7.a3 Be7 8.e3 O-O 9.Nf2
a6 10.Be2 Kh8 11.Nd3 Qe8 12.Bf4 Bd6 13.O-O e5 14.dxe5 Nxe5 15.Nxe5 Bxe5 16.Rfe1
c6 17.Rad1 b5 18.Bf1 Ra7 19.Bxe5 Qxe5 20.Qd4 Re7 21.Qc5 Bb7 22.b4 Rfe8 23.a4 Nd7
24.Qa7 Qxc3 25.Qxb7 Rxe3 26.Rxe3 Qxe3+ 27.Kh1 Ne5 28.Rb1 Qf2 29.Qxa6 Qxc2 30.Re1
Qc3 31.Re2 Qa1 32.Kg1 Qd4+ 33.Kh1 Qa1 34.Kg1 Qd4+ 35.Kh1 Qa1 36.Kg1 Qd4+ 37.Kh1
bxa4 38.Qxc6 Rg8 39.Qxa4 Nd3 40.Qc2 Qa1 41.Kg1 Qd4+ 42.Kh1 Qa1 1/2-1/2

[Event "2. Bundesliga West 2010/11"]
[Site "Hohenems"]
[Date "2011.01.30"]
[Round "8"]
[Board "2"]
[White "Reich, Thomas"]
[Black "Hecht, Hans-Joachim"]
[Result "1/2-1/2"]
[WhiteElo "2350"]
[BlackElo "2374"]
[PlyCount "60"]
[EventDate "2010.10.15"]
[EventType "team"]
[EventRounds "11"]
[EventCountry "AUT"]
[WhiteTeam "Sparkasse Jenbach 2"]
[BlackTeam "Schwarzach"]

1.d4 e6 2.Nf3 Nf6 3.Bf4 b6 4.e3 Bb7 5.Be2 Be7 6.h3 O-O 7.O-O d5 8.Nbd2 Nbd7
9.Ne5 Nxe5 10.Bxe5 Bd6 11.f4 Ne4 12.Nxe4 dxe4 13.Bc4 Bd5 14.Bxd5 exd5 15.Qg4 f6
16.Qe6+ Rf7 17.Bxd6 Qxd6 18.Qxd6 cxd6 19.a4 Rc8 20.c3 a6 21.Ra3 g6 22.Kf2 h5
23.g3 Rh7 24.Ke2 Kf7 25.Rb3 Rc6 26.f5 gxf5 27.Rxf5 Ke6 28.Rf4 Rg7 29.Kf2 Rg5
30.Kg2 f5 1/2-1/2

[Event "2. Bundesliga West 2010/11"]
[Site "Hohenems"]
[Date "2011.01.30"]
[Round "8"]
[Board "3"]
[White "Ljubic, Juro"]
[Black "Micheli, Carlo"]
[Result "0-1"]
[WhiteElo "2186"]
[BlackElo "2263"]
[PlyCount "104"]
[EventDate "2010.10.15"]
[EventType "team"]
[EventRounds "11"]
[EventCountry "AUT"]
[WhiteTeam "Schwarzach"]
[BlackTeam "Sparkasse Jenbach 2"]

1.e4 c5 2.d3 Nc6 3.f4 g6 4.Nf3 Bg7 5.Be2 d6 6.O-O Nf6 7.c3 O-O 8.Kh1 b6 9.Be3 e5
10.f5 d5 11.Qc2 Ba6 12.Bg5 Qd6 13.Na3 Rad8 14.Rad1 Rd7 15.Qa4 Bb7 16.exd5 Nxd5
17.Qh4 gxf5 18.Nc4 Qe6 19.Bc1 h6 20.Qh3 f4 21.Qh4 b5 22.Na3 a6 23.Rfe1 Nde7
24.Qf2 Rc8 25.Nh4 Ng6 26.Bf3 Nce7 27.Bxb7 Rxb7 28.Nxg6 Nxg6 29.d4 cxd4 30.cxd4
b4 31.d5 Qb6 32.Qxb6 Rxb6 33.Nb1 f5 34.Nd2 Rd6 35.Nb3 Rcd8 36.Nc5 Rxd5 37.Rxd5
Rxd5 38.Nxa6 Bf8 39.a3 bxa3 40.bxa3 Bxa3 41.Bxa3 Ra5 42.Bb2 Rxa6 43.h4 e4 44.h5
Nh4 45.Rc1 f3 46.g3 Ra2 47.Bd4 Ng2 48.Rc5 Rd2 49.Bg1 f4 50.gxf4 e3 51.Rc3 Rd1
52.Kh2 f2 0-1

[Event "2. Bundesliga West 2010/11"]
[Site "Hohenems"]
[Date "2011.01.30"]
[Round "8"]
[Board "4"]
[White "Hoellrigl, Wilfried"]
[Black "Stoeckl, Norbert"]
[Result "1-0"]
[WhiteElo "2188"]
[BlackElo "2053"]
[PlyCount "49"]
[EventDate "2010.10.15"]
[EventType "team"]
[EventRounds "11"]
[EventCountry "AUT"]
[WhiteTeam "Sparkasse Jenbach 2"]
[BlackTeam "Schwarzach"]

1.e4 c5 2.c3 d5 3.exd5 Qxd5 4.d4 e6 5.Nf3 Nf6 6.Bd3 cxd4 7.cxd4 Nc6 8.O-O Be7
9.Nc3 Qd6 10.a3 O-O 11.Be3 b6 12.Qe2 Bb7 13.Rad1 Rad8 14.Bb1 Qb8 15.Bc1 Ba8
16.Rfe1 Qb7 17.Ne4 Na5 18.Nxf6+ Bxf6 19.b4 Nc6 20.Be4 Qb8 21.Qc2 Nxd4 22.Nxd4
Bxd4 23.Bxh7+ Kh8 24.Rd3 Qb7 25.Be4 1-0

[Event "2. Bundesliga West 2010/11"]
[Site "Hohenems"]
[Date "2011.01.30"]
[Round "8"]
[Board "5"]
[White "Klinger, Josef Sen."]
[Black "Heinrich, Thomas"]
[Result "0-1"]
[WhiteElo "1998"]
[BlackElo "2137"]
[PlyCount "64"]
[EventDate "2010.10.15"]
[EventType "team"]
[EventRounds "11"]
[EventCountry "AUT"]
[WhiteTeam "Schwarzach"]
[BlackTeam "Sparkasse Jenbach 2"]

1.e4 c6 2.d4 d5 3.e5 Bf5 4.Bd3 Bxd3 5.Qxd3 e6 6.f4 c5 7.Qb5+ Qd7 8.Qxd7+ Nxd7
9.Nf3 Nh6 10.Be3 Rc8 11.dxc5 Nf5 12.Bf2 Bxc5 13.c3 Bxf2+ 14.Kxf2 Nc5 15.Nbd2
Nd3+ 16.Kg1 Nxf4 17.g4 Ne3 18.h3 Nd3 19.Re1 Nc4 20.Nxc4 Rxc4 21.Rd1 Nxb2 22.Rb1
Rxc3 23.Ng5 Nc4 24.Rxb7 O-O 25.Kg2 Rc2+ 26.Kg3 Rxa2 27.Rf1 Nxe5 28.Re1 Ra3+
29.Kg2 Nc4 30.Nxe6 fxe6 31.Rxe6 Ne3+ 32.Kg1 g5 0-1

[Event "2. Bundesliga West 2010/11"]
[Site "Hohenems"]
[Date "2011.01.30"]
[Round "8"]
[Board "6"]
[White "Schnegg, Anna-Lena"]
[Black "Huber, Josef"]
[Result "1-0"]
[WhiteElo "1893"]
[BlackElo "1847"]
[PlyCount "51"]
[EventDate "2010.10.15"]
[EventType "team"]
[EventRounds "11"]
[EventCountry "AUT"]
[WhiteTeam "Sparkasse Jenbach 2"]
[BlackTeam "Schwarzach"]

1.e4 Nc6 2.Nf3 d5 3.exd5 Qxd5 4.Nc3 Qa5 5.d4 Bg4 6.d5 O-O-O 7.Bd2 Ne5 8.Qe2
Nxf3+ 9.gxf3 Bd7 10.Qe5 a6 11.Nb5 Qb6 12.a4 Bxb5 13.axb5 Nf6 14.bxa6 Rxd5
15.Bh3+ e6 16.Qxd5 Nxd5 17.a7 Bc5 18.a8=Q+ Kd7 19.Qa4+ c6 20.O-O Qc7 21.Bg2 Rg8
22.Qh4 h6 23.c4 Nf6 24.Bf4 Qb6 25.Be5 Nh7 26.Rfd1+ 1-0

[Event "2. Bundesliga West 2010/11"]
[Site "Hohenems"]
[Date "2011.01.30"]
[Round "8"]
[Board "1"]
[White "Hommeles, Theo"]
[Black "Koepke, Christian"]
[Result "1/2-1/2"]
[WhiteElo "2426"]
[BlackElo "2381"]
[PlyCount "61"]
[EventDate "2010.10.15"]
[EventType "team"]
[EventRounds "11"]
[EventCountry "AUT"]
[WhiteTeam "Bregenz"]
[BlackTeam "Hypo Kufstein"]

1.e4 c5 2.Nf3 d6 3.d4 cxd4 4.Nxd4 Nf6 5.Nc3 g6 6.Be3 Bg7 7.Qd2 Nc6 8.f3 O-O
9.O-O-O d5 10.exd5 Nxd5 11.Nxc6 bxc6 12.Bd4 Bxd4 13.Qxd4 Qb6 14.Nxd5 cxd5
15.Qxb6 axb6 16.a3 Rd8 17.Bb5 Ra5 18.a4 e6 19.b4 Ra8 20.Kb2 Bd7 21.Ra1 Bxb5
22.axb5 Rac8 23.Ra6 Rc4 24.c3 d4 25.Rxb6 dxc3+ 26.Kb3 Rdd4 27.Rc6 Rxb4+ 28.Kxc3
e5 29.Rc5 f6 30.Ra1 Kg7 31.Ra7+ 1/2-1/2

[Event "2. Bundesliga West 2010/11"]
[Site "Hohenems"]
[Date "2011.01.30"]
[Round "8"]
[Board "2"]
[White "Berchtenbreiter, Maximilian"]
[Black "Weindl, Alfred"]
[Result "1-0"]
[WhiteElo "2232"]
[BlackElo "2374"]
[PlyCount "61"]
[EventDate "2010.10.15"]
[EventType "team"]
[EventRounds "11"]
[EventCountry "AUT"]
[WhiteTeam "Hypo Kufstein"]
[BlackTeam "Bregenz"]

1.e4 c5 2.Nc3 d6 3.Nge2 Nc6 4.d4 cxd4 5.Nxd4 Nf6 6.Bc4 e6 7.Be3 Be7 8.Bb3 O-O
9.Qe2 a6 10.O-O-O Qc7 11.g4 Nxd4 12.Rxd4 b5 13.g5 Nd7 14.Rg1 Nc5 15.Rg3 Nxb3+
16.axb3 f5 17.exf5 Rxf5 18.Rh4 g6 19.Rgh3 Rf7 20.Qd3 Rg7 21.Nd5 Qd8 22.f4 Rb8
23.Nf6+ Bxf6 24.gxf6 Qxf6 25.Qxd6 Rbb7 26.Bd4 Qe7 27.Qe5 Qd8 28.Rh6 Qd5 29.Rc3
Qh1+ 30.Kd2 Qg2+ 31.Ke1 1-0

[Event "2. Bundesliga West 2010/11"]
[Site "Hohenems"]
[Date "2011.01.30"]
[Round "8"]
[Board "3"]
[White "Dobosz, Henryk"]
[Black "Neuschmied, Siegfried"]
[Result "1-0"]
[WhiteElo "2407"]
[BlackElo "2309"]
[PlyCount "109"]
[EventDate "2010.10.15"]
[EventType "team"]
[EventRounds "11"]
[EventCountry "AUT"]
[WhiteTeam "Bregenz"]
[BlackTeam "Hypo Kufstein"]

1.d4 Nf6 2.Nf3 c5 3.e3 g6 4.c4 Bg7 5.Nc3 O-O 6.Be2 cxd4 7.exd4 d5 8.O-O Nc6
9.cxd5 Nxd5 10.Qb3 e6 11.Rd1 Na5 12.Qc2 h6 13.Ne5 b6 14.Nxd5 exd5 15.Bf4 Bf5
16.Qa4 a6 17.Bd3 Bxd3 18.Rxd3 Nc4 19.Qb4 Rc8 20.b3 a5 21.Qe1 Na3 22.Rc1 Re8
23.Rdc3 Rxc3 24.Qxc3 Nb5 25.Qd3 Nd6 26.h3 Qf6 27.Be3 Rc8 28.Rxc8+ Nxc8 29.Ng4
Qe6 30.Bxh6 Qe1+ 31.Kh2 Bxh6 32.Nxh6+ Kg7 33.Ng4 Qe4 34.Qe3 Qxe3 35.fxe3 f6
36.Nf2 Nd6 37.g4 Nb5 38.Nd1 g5 39.a4 Nc7 40.Nc3 Kf7 41.Kg3 Ke6 42.Kf3 Na6 43.e4
dxe4+ 44.Kxe4 Nb4 45.d5+ Ke7 46.Kf5 Nd3 47.Ne4 Nc1 48.d6+ Kd7 49.Kxf6 Nxb3
50.Kxg5 b5 51.axb5 a4 52.b6 Kc6 53.Kf6 a3 54.Nc3 Nc5 55.Ke7 1-0

[Event "2. Bundesliga West 2010/11"]
[Site "Hohenems"]
[Date "2011.01.30"]
[Round "8"]
[Board "4"]
[White "Pitschka, Claus"]
[Black "Poettinger, Harald"]
[Result "1-0"]
[WhiteElo "2272"]
[BlackElo "2202"]
[PlyCount "143"]
[EventDate "2010.10.15"]
[EventType "team"]
[EventRounds "11"]
[EventCountry "AUT"]
[WhiteTeam "Hypo Kufstein"]
[BlackTeam "Bregenz"]

1.e4 d6 2.d4 Nf6 3.Bd3 e5 4.c3 d5 5.dxe5 Nxe4 6.Nf3 Nc6 7.Bf4 Bg4 8.Nbd2 Nc5
9.Be2 Qd7 10.h3 Bh5 11.O-O Be7 12.b4 Ne6 13.Bg3 O-O 14.b5 Na5 15.Qa4 b6 16.Nb3
Nc5 17.Nxc5 Bxc5 18.Rad1 Bg6 19.Nd4 Rae8 20.Nb3 Nxb3 21.axb3 f6 22.Bf3 Bf7
23.exf6 gxf6 24.c4 a6 25.Bxd5 Bxd5 26.Rxd5 axb5 27.Rxd7 bxa4 28.bxa4 Re4 29.Rc1
Ra8 30.Rxc7 Rxa4 31.Rd1 Re7 32.Rxe7 Bxe7 33.Bd6 Kf7 34.Bxe7 Kxe7 35.Rb1 Rxc4
36.Rxb6 Kf7 37.g3 Kg6 38.Kg2 Rc3 39.Rb4 Ra3 40.Rg4+ Kf7 41.Rf4 Kg6 42.Rf3 Ra5
43.Rb3 Rc5 44.Kf3 Ra5 45.Rb4 Ra7 46.Rg4+ Kf7 47.Rf4 Kg6 48.Kg4 Ra5 49.Rb4 Rg5+
50.Kf3 Ra5 51.Rg4+ Kf7 52.Rd4 Kg6 53.Ke3 Ra2 54.Rd5 Ra3+ 55.Kf4 Ra4+ 56.Kf3 Ra3+
57.Kg4 Ra4+ 58.f4 Rb4 59.h4 Rb7 60.h5+ Kf7 61.Kf5 Ra7 62.Rb5 Rc7 63.h6 Ra7 64.g4
Rc7 65.Ra5 Rb7 66.g5 fxg5 67.Kxg5 Rc7 68.Ra8 Rb7 69.Rh8 Ke6 70.f5+ Kd6 71.Kf6
Kd5 72.Re8 1-0

[Event "2. Bundesliga West 2010/11"]
[Site "Hohenems"]
[Date "2011.01.30"]
[Round "8"]
[Board "5"]
[White "Bezler, Rainer"]
[Black "Rusche, Johannes"]
[Result "1-0"]
[WhiteElo "2269"]
[BlackElo "2234"]
[PlyCount "77"]
[EventDate "2010.10.15"]
[EventType "team"]
[EventRounds "11"]
[EventCountry "AUT"]
[WhiteTeam "Bregenz"]
[BlackTeam "Hypo Kufstein"]

1.d4 Nf6 2.c4 c5 3.Nf3 cxd4 4.Nxd4 e5 5.Nb5 d5 6.cxd5 Bc5 7.e3 O-O 8.Be2 Bf5
9.a3 Nxd5 10.b4 Bb6 11.O-O Nc6 12.Bb2 a5 13.bxa5 Bxa5 14.a4 Ndb4 15.N1a3 Nd3
16.Bc3 e4 17.Bxa5 Nxa5 18.Nd4 Qg5 19.Nxf5 Qxf5 20.Nb5 Nc6 21.Nd6 Qe5 22.Nxe4
Rfd8 23.Bxd3 Nb4 24.Qb3 Nxd3 25.Nc3 Nc5 26.Qc4 Rd6 27.Rad1 Rh6 28.h3 Ne6 29.Rd5
Qf6 30.Rfd1 Rh4 31.Qd3 h6 32.f4 Qe7 33.Kh2 g5 34.g3 Rh5 35.f5 Ng7 36.Rd8+ Rxd8
37.Qxd8+ Qxd8 38.Rxd8+ Kh7 39.Ne4 1-0

[Event "2. Bundesliga West 2010/11"]
[Site "Hohenems"]
[Date "2011.01.30"]
[Round "8"]
[Board "6"]
[White "Maurer, Jochen"]
[Black "Matt, Fabian"]
[Result "1-0"]
[WhiteElo "2215"]
[BlackElo "2053"]
[PlyCount "63"]
[EventDate "2010.10.15"]
[EventType "team"]
[EventRounds "11"]
[EventCountry "AUT"]
[WhiteTeam "Hypo Kufstein"]
[BlackTeam "Bregenz"]

1.e4 e5 2.Bc4 Nf6 3.d3 d5 4.exd5 Nxd5 5.Nf3 Nc6 6.O-O Bg4 7.Re1 f6 8.Nxe5 Nxe5
9.Qxg4 Qe7 10.Qd1 Nb4 11.Na3 g5 12.f4 gxf4 13.Qh5+ Kd7 14.Bxf4 Qc5+ 15.Be3 Qe7
16.Qf5+ Kd8 17.c3 Nbc6 18.d4 Nxc4 19.Nxc4 Bg7 20.Bh6 Qf7 21.Ne5 Nxe5 22.Bxg7
Nf3+ 23.Qxf3 Qxg7 24.Qxb7 Rc8 25.Re2 Qf7 26.Rae1 h5 27.Re6 Rf8 28.Qd5+ Qd7
29.Qxh5 Rb8 30.Rxf6 Rg8 31.Qg5 Qe6 32.Rg6+ 1-0

[Event "2. Bundesliga West 2010/11"]
[Site "Hohenems"]
[Date "2011.01.30"]
[Round "8"]
[Board "1"]
[White "Eisenbeiser, Amadeus"]
[Black "Schmidt, Georg"]
[Result "0-1"]
[WhiteElo "2397"]
[BlackElo "2362"]
[PlyCount "159"]
[EventDate "2010.10.15"]
[EventType "team"]
[EventRounds "11"]
[EventCountry "AUT"]
[WhiteTeam "Goetzis"]
[BlackTeam "Mozart 1910"]

1.c4 Nf6 2.Nc3 e6 3.e4 d5 4.e5 d4 5.exf6 dxc3 6.bxc3 Qxf6 7.Nf3 b6 8.d4 Bb7
9.Ne5 Bd6 10.Qa4+ c6 11.Ng4 Qh4 12.Be2 O-O 13.Bf3 Qe7 14.O-O c5 15.Qd1 Qc7
16.Bxb7 Qxb7 17.Qd3 Qc7 18.h3 Nd7 19.Rd1 Rad8 20.Bb2 Rfe8 21.Rac1 Bf4 22.Rc2 f5
23.Ne3 Ne5 24.Qe2 Bxe3 25.fxe3 Nf7 26.e4 fxe4 27.Qxe4 Nd6 28.Qe2 Qc6 29.Ba3 Qa4
30.dxc5 Qxa3 31.cxd6 Rxd6 32.Rxd6 Qxd6 33.Rd2 Qc5+ 34.Kh1 Qc7 35.Qg4 h6 36.h4
Qe5 37.Re2 Qf6 38.Kh2 e5 39.Re4 Qe6 40.Qe2 Qf5 41.Qe3 Re6 42.Qd3 Rg6 43.Kg1 Kh7
44.Qe3 Rg3 45.Qxg3 Qxe4 46.Qf2 Qxc4 47.Qf5+ Kh8 48.Qxe5 Qxa2 49.Qc7 Qb1+ 50.Kh2
a5 51.Qc6 Kh7 52.c4 Qg6 53.Qb5 Qd6+ 54.Kh3 Qc5 55.Qb3 g6 56.g4 Qd4 57.h5 gxh5
58.gxh5 Kg7 59.Qg3+ Kf8 60.Qg6 Qe3+ 61.Kh2 Ke7 62.Qg7+ Kd6 63.Qf8+ Ke5 64.Qd8
Kf5 65.Qd7+ Kg5 66.Qd5+ Kg4 67.Qb5 Qe2+ 68.Kg1 Kg3 69.Qb3+ Qf3 70.Qc2 a4 71.Qg6+
Qg4 72.Kf1 a3 73.Qc2 Qf3+ 74.Kg1 a2 75.Qh2+ Kg4 76.Qxa2 Qe3+ 77.Kg2 Kxh5 78.Qc2
Kg5 79.Qa4 Kf5 80.Qb5+ 0-1

[Event "2. Bundesliga West 2010/11"]
[Site "Hohenems"]
[Date "2011.01.30"]
[Round "8"]
[Board "2"]
[White "Panteleev, Petar"]
[Black "Schloetzer, Waldemar"]
[Result "1-0"]
[WhiteElo "2329"]
[BlackElo "2282"]
[PlyCount "89"]
[EventDate "2010.10.15"]
[EventType "team"]
[EventRounds "11"]
[EventCountry "AUT"]
[WhiteTeam "Mozart 1910"]
[BlackTeam "Goetzis"]

1.Nf3 Nf6 2.c4 e6 3.g3 d5 4.d4 Be7 5.Bg2 O-O 6.O-O Nbd7 7.Nbd2 c6 8.Qc2 b6 9.e4
Bb7 10.e5 Ne8 11.cxd5 cxd5 12.Re1 Rc8 13.Qd1 Nb8 14.Nf1 Nc6 15.Ne3 Ba6 16.Bf1
Bxf1 17.Kxf1 b5 18.h4 f6 19.Ng2 fxe5 20.Nxe5 Nxd4 21.Qg4 Nf5 22.Bg5 Nf6 23.Bxf6
Rxf6 24.Nf4 Rc2 25.Ned3 d4 26.Qf3 Qd7 27.Rac1 Rxc1 28.Rxc1 Bd6 29.Qa8+ Rf8
30.Qe4 e5 31.Nxe5 Bxe5 32.Qxe5 Re8 33.Qd5+ Qxd5 34.Nxd5 d3 35.Nf4 d2 36.Rd1 Rd8
37.Ke2 Nd6 38.Rxd2 Re8+ 39.Kf1 Nc4 40.Rd7 Nxb2 41.Nh5 a5 42.Rxg7+ Kf8 43.Rb7 b4
44.Nf6 Ra8 45.Nxh7+ 1-0

[Event "2. Bundesliga West 2010/11"]
[Site "Hohenems"]
[Date "2011.01.30"]
[Round "8"]
[Board "3"]
[White "Krassowizkij, Jaroslaw"]
[Black "Hanel, Reinhard"]
[Result "0-1"]
[WhiteElo "2244"]
[BlackElo "2275"]
[PlyCount "72"]
[EventDate "2010.10.15"]
[EventType "team"]
[EventRounds "11"]
[EventCountry "AUT"]
[WhiteTeam "Goetzis"]
[BlackTeam "Mozart 1910"]

1.d4 g6 2.c4 Bg7 3.Nc3 d6 4.e4 Nc6 5.d5 Nd4 6.Nge2 c5 7.Nxd4 cxd4 8.Nb5 Qb6 9.c5
dxc5 10.Bf4 Kf8 11.Bc7 Qf6 12.a4 Qh4 13.Qc2 Nf6 14.Bd3 c4 15.Qxc4 Nxe4 16.Qc2 a6
17.O-O axb5 18.axb5 Rxa1 19.Rxa1 Bf6 20.Bxe4 Kg7 21.b6 Qg4 22.Ra2 Re8 23.h3 Qg5
24.Ra8 d3 25.Qxd3 Qc1+ 26.Qf1 Qxb2 27.d6 exd6 28.Bxb7 Qd2 29.Rxc8 Re1 30.Re8
Rxe8 31.Ba6 Re1 32.b7 Rxf1+ 33.Bxf1 Bd4 34.Kh2 Qf4+ 35.g3 Qxf2+ 36.Bg2 Qg1# 0-1

[Event "2. Bundesliga West 2010/11"]
[Site "Hohenems"]
[Date "2011.01.30"]
[Round "8"]
[Board "4"]
[White "Hamberger, Hermann"]
[Black "Schmidlechner, Alexander"]
[Result "1/2-1/2"]
[WhiteElo "2123"]
[BlackElo "2170"]
[PlyCount "59"]
[EventDate "2010.10.15"]
[EventType "team"]
[EventRounds "11"]
[EventCountry "AUT"]
[WhiteTeam "Mozart 1910"]
[BlackTeam "Goetzis"]

1.e4 c5 2.Nf3 Nc6 3.d4 cxd4 4.Nxd4 Nf6 5.Nc3 e5 6.Ndb5 d6 7.Bg5 a6 8.Bxf6 gxf6
9.Na3 b5 10.Nd5 Bg7 11.g4 Ne7 12.Nxe7 Qxe7 13.c3 Qb7 14.Qf3 Be6 15.Nc2 d5 16.Bg2
O-O-O 17.Ne3 dxe4 18.Qxe4 Qxe4 19.Bxe4 Bh6 20.Bf5 Kc7 21.Bxe6 fxe6 22.a4 Kb6
23.axb5 axb5 24.Ke2 Bf4 25.h3 h5 26.Rhd1 hxg4 27.hxg4 Bxe3 28.Kxe3 Rd5 29.Rh1
Rhd8 30.Rh6 1/2-1/2

[Event "2. Bundesliga West 2010/11"]
[Site "Hohenems"]
[Date "2011.01.30"]
[Round "8"]
[Board "5"]
[White "Scheffknecht, Philipp"]
[Black "Peterwagner, Heinz"]
[Result "1/2-1/2"]
[WhiteElo "2118"]
[BlackElo "2156"]
[PlyCount "120"]
[EventDate "2010.10.15"]
[EventType "team"]
[EventRounds "11"]
[EventCountry "AUT"]
[WhiteTeam "Goetzis"]
[BlackTeam "Mozart 1910"]

1.d4 d6 2.e4 g6 3.Nc3 Bg7 4.Be3 Nf6 5.f3 c6 6.Qd2 b5 7.O-O-O Qc7 8.Nge2 Nbd7
9.g4 Nb6 10.Ng3 h5 11.g5 Nfd7 12.h4 b4 13.Nb1 a5 14.f4 c5 15.Rh2 Bb7 16.Rf2 Rc8
17.Bb5 O-O 18.f5 cxd4 19.Bxd4 Bxd4 20.Qxd4 Qc5 21.Bxd7 Qxd4 22.Rxd4 Nxd7 23.f6
exf6 24.Rxd6 Nc5 25.Rfxf6 Bxe4 26.c3 Bb7 27.Nd2 Rc7 28.c4 Re8 29.Kc2 Re3 30.Ndf1
Re1 31.Rd1 Re5 32.Rfd6 Re8 33.b3 a4 34.R1d2 axb3+ 35.axb3 Kg7 36.Rb6 Be4+
37.Nxe4 Rxe4 38.Rxb4 Rxh4 39.Rb5 Rh3 40.Rd5 Ne4 41.Rd4 Nc5 42.Nd2 Re3 43.b4 Ne6
44.Rd3 Rxd3 45.Kxd3 Rd7+ 46.Ke3 h4 47.Rd5 Ra7 48.b5 Ra2 49.Kf3 f5 50.gxf6+ Kxf6
51.Ne4+ Ke7 52.Re5 h3 53.Nc5 Kd6 54.Rd5+ Ke7 55.Re5 Kd6 56.Rxe6+ Kxc5 57.Rc6+
Kd4 58.Rxg6 Kxc4 59.b6 Rb2 60.Rh6 h2 1/2-1/2

[Event "2. Bundesliga West 2010/11"]
[Site "Hohenems"]
[Date "2011.01.30"]
[Round "8"]
[Board "6"]
[White "Walkner, Olga"]
[Black "Kranz, Armin"]
[Result "1-0"]
[WhiteElo "2136"]
[BlackElo "2104"]
[PlyCount "95"]
[EventDate "2010.10.15"]
[EventType "team"]
[EventRounds "11"]
[EventCountry "AUT"]
[WhiteTeam "Mozart 1910"]
[BlackTeam "Goetzis"]

1.e4 e5 2.Nf3 Nf6 3.Nxe5 d6 4.Nf3 Nxe4 5.Nc3 Nxc3 6.dxc3 Be7 7.Bd3 Nc6 8.Bf4 Bg4
9.h3 Bh5 10.g4 Bg6 11.Qd2 Qd7 12.O-O-O Bxd3 13.Qxd3 O-O-O 14.Qd5 Qe6 15.Rhe1
Qxd5 16.Rxd5 Rde8 17.Rd2 Bf6 18.Rde2 Kd7 19.g5 Bd8 20.Kd2 Rxe2+ 21.Rxe2 Re8
22.Rxe8 Kxe8 23.Kd3 Kd7 24.Ke4 Ke6 25.c4 Be7 26.c3 a5 27.Be3 f5+ 28.gxf6 Bxf6
29.Nd4+ Kd7 30.f4 Ne7 31.Nf5 a4 32.a3 Nxf5 33.Kxf5 d5 34.cxd5 Kd6 35.Ke4 g6
36.Bd4 Bh4 37.c4 b6 38.Be5+ Kd7 39.Kd3 Be7 40.Ke4 c6 41.Bd4 b5 42.dxc6+ Kxc6
43.cxb5+ Kxb5 44.Kd5 Bh4 45.Be5 Bg3 46.Bd6 h6 47.Bc7 Bh2 48.f5 1-0